Yhdistä sairaudet toisiinsa - Statistics

Yleistilastot
  • Tätä visaa on pelattu 364 kertaa
    363 viimeisimmän päivityksen jälkeen
  • Keskiarvotulos 12 / 30
Vastaustilastot
Hint Vastaus % Oikein
Bulimia Ahmimishäiriö
81%
Osteoporoosi Luukato
81%
leukemia Verisyöpä
69%
Sydäninfarkti Sydänkohtaus
65%
Iskias Lonkkahermosärky
62%
Skitsofrenia Psykoosisairaus
62%
Sepsis Verenmyrkytys
53%
Crohnin tauti Tulehduksellinen suolistosairaus
51%
Ekseema Ihottuma
49%
Lymfooma Imusolmukesyöpä
49%
Pneumonia Keuhkokuume
45%
Meningiitti Aivokalvontulehdus
43%
Dysfasia Kehityksellinen kielihäiriö
43%
Hepatiitti Maksatulehdus
42%
absessi Märkäpaise
39%
ALS Amyotrofinen lateraaliskleroosi
37%
Borrelioosi Lymen tauti
34%
Ateroskleroosi Valtimonkovettumatauti
31%
COPD Keuhkoahtaumatauti
29%
Ms-tauti Multippeliskleroosi
29%
Urtikaria Nokkosihottuma
25%
Nystagmus Silmävärve
24%
Enkefaliitti Aivotulehdus
23%
Uremia Krooninen munuaisten vajaatoiminta
23%
Peritoniitti Vatsakalvontulehdus
23%
Iriitti Värikalvontulehdus
21%
Tularemia Jänisrutto
20%
Difteria Kurkkumätä
14%
Polydipsia Vesijuoppous
14%
Myyräkuume Epideeminen nefropatia
13%
Ehtoja vastaavia visoja ei löytynyt
Tulosjakauma
Jokaisen tuloksen saaneiden osuus
Persentiili vastausten määrän mukaan
Tuloshistoriasi
Et ole pelannut tätä visaa sen viimeisimmän päivityksen jälkeen